000 00496nam a2200181Ia 4500
003 GCL
008 140319s9999 xx 000 0 eng d
040 _aGCL /
_cGCL
082 0 4 _a111.1
_bM C
100 1 _aMAUND, BARRY
245 1 0 _aCOLOURS: THEIR NATURE AND REPRESENTATION /
_cMAUND, BARRY
260 _a[S.N] :
_bCAMBRIDGE UNIVERSITY PRESS ،
_c1995
300 _a247 P
490 _aCAMBRIDGE STUDIES IN PHILOSOPHY
_v0
650 0 4 _aCOLOUR VISION
650 0 4 _aCOLOURS
942 _2ddc
_cBK
999 _c13766
_d13766